| 000 | 00361nam a2200133Ia 4500 | ||
|---|---|---|---|
| 008 | 240624s9999 xx 000 0 und d | ||
| 041 | _aeng | ||
| 082 | _a004.22 MAR | ||
| 100 | _aMARWAH HARSH | ||
| 245 | _aSTRUCTURED COMPUTER ORGANIZATION | ||
| 260 |
_c2011 _aNew Delhi _bAnmol Publications Pvt. Ltd. |
||
| 300 | _avii, : 280 : p. : cm. ; 22 | ||
| 365 |
_cRS _b20 |
||
| 999 |
_c16159 _d16159 |
||